000
00311nam a2200133Ia 4500
005
20260326100035.0
008
260326s9999||||xx |||||||||||||| ||und||
100
_a
Rand, Ayn
245
0
_a
El Manantial /
_c
Ayn Rand
260
_b
Grito Sagrado
300
_a
685 p.
650
_a
ARQUITECTURA-GENERAL
942
_c
BK
999
_c
6784
_d
6784